000
00315nam a2200121Ia 4500
005
20251222144633.0
008
251222s9999||||xx |||||||||||||| ||spa||
082
_a
261.8/G96V
100
_a
Gutiérrez, Gustavo
245
0
_a
La Verdad los Hará Libres:
264
_b
Instituto Bartolomé de las Casas
942
_c
LIB
999
_c
16388
_d
16388